000 01073nam a2200253Ia 4500
999 _c36653
_d36653
001 2574
003 GE_BSU
005 20211207144630.0
008 181216s2007ge xx |||||||||||||| ||geo||
020 _a551100778
040 _cGE_BSU
041 _ageo
080 _a336.77(05.8) ღ–91
100 _aღუდუშაური, ლეილა.
_913199
245 _aკრედიტი და თანამედროვე საბანკო მექანიზმები /
_cლეილა ღუდუშაური ; რედ. ი. ჩიკვაიძე.
250 _a მე–4 გამოცემა
264 _aთბილისი :
_bუნ–ტის გა–ბა,
_c2007.
300 _a1098 გვ.:
653 _aკრედიტი და თანამედროვე საბანკო მექანიზმები
653 _aფინანსები
653 _aეკონომიკა
700 _aჩიკვაიძე, ი
_eრედაქტორი
_9502
942 _cBK
_2udc